[Event "Ontario-ch"]
[Site "Toronto"]
[Date "1988.05.08"]
[Round "9"]
[White "Stone, Raymond"]
[Black "Coakley, Jeff"]
[Result "1/2-1/2"]
[WhiteElo "2374"]
[BlackElo "2235"]
[PlyCount "84"]
[EventDate "1988.04.30"]
[EventType "tourn"]
[EventRounds "9"]
[EventCountry "CAN"]
[SourceTitle "EXT 2022"]
[Source "ChessBase"]
[SourceDate "2021.10.06"]
[SourceVersion "1"]
[SourceVersionDate "2021.10.06"]
[SourceQuality "1"]

1. c4 Nf6 2. d4 e6 3. Nf3 Bb4+ 4. Bd2 Bxd2+ 5. Qxd2 0-0 6. Nc3 d6 7. g3 Nc6 8. Bg2 e5 9. 0-0 Bg4 10. d5 Bxf3 11. Bxf3 Ne7 12. e4 a5 13. Bg2 Nd7 14. Bh3 Nc5 15. f4 Kh8 16. fxe5 dxe5 17. Rf2 Nc8 18. Bxc8 Rxc8 19. Raf1 f6 20. Qe3 b6 21. g4 Qe7 22. Ne2 Nb7 23. Ng3 Qc5 24. Qxc5 Nxc5 25. Rf3 Rfe8 26. Kf2 Nb7 27. Ke3 h6 28. h4 Kg8 29. g5 hxg5 30. hxg5 fxg5 31. Nf5 Nd6 32. b3 a4 33. Nxd6 cxd6 34. Rg1 axb3 35. axb3 b5 36. Kd3 bxc4+ 37. bxc4 Rc7 38. Rf5 Ra8 39. Rfxg5 Ra3+ 40. Kd2 Ra2+ 41. Kc3 Ra3+ 42. Kd2 Ra2+ 1/2-1/2

[Event "Toronto"]
[Site "Toronto"]
[Date "1988.04.07"]
[Round "8"]
[White "Pacey, Kevin"]
[Black "Coakley, Jeff"]
[Result "1-0"]
[WhiteElo "2242"]
[BlackElo "2235"]
[PlyCount "77"]
[EventDate "1988.02.28"]
[EventType "tourn"]
[EventRounds "11"]
[EventCountry "CAN"]
[SourceTitle "EXT 2022"]
[Source "ChessBase"]
[SourceDate "2021.10.06"]
[SourceVersion "1"]
[SourceVersionDate "2021.10.06"]
[SourceQuality "1"]

1. e4 d5 2. Nc3 d4 3. Nce2 e5 4. Ng3 Be6 5. Nf3 Nd7 6. c3 dxc3 7. dxc3 f6 8. Qc2 Bc5 9. b4 Bb6 10. c4 c5 11. a3 Ne7 12. Nf5 Bxf5 13. exf5 Nc6 14. Bd2 a5 15. b5 Nd4 16. Qe4 Qc7 17. g3 0-0-0 18. Bg2 Rhe8 19. 0-0 Nf8 20. Rad1 Kb8 21. Rfe1 Ka7 22. Bc3 Rd6 23. Nxd4 cxd4 24. c5 Bxc5 25. Bxa5 b6 26. Rc1 Rb8 27. Rxc5 Qxc5 28. Bb4 Qc7 29. Bxd6 Qxd6 30. Qc2 Rb7 31. Qc8 Qc7 32. Bxb7 Qxb7 33. Qxf8 Qc7 34. Qe8 Qc3 35. Qe7+ Kb8 36. Qb4 Qc2 37. Qf8+ Ka7 38. Qxg7+ Kb8 39. Qxf6 1-0